000 00529nam a2200217Ia 4500
003 OSt
005 20220928135633.0
006 a|||||r|||| 00| 0
007 ta
008 220927b |||||||| |||| 00| 0 eng d
024 _a4234
037 _cTextual
040 _aSDCL
_cSDCL
_beng
041 _2eng
_aeng
082 _aO-,1M92x, J6
100 _aMillay Norma Ed.
_9492368
245 0 _aCollected poems
260 _c1956
942 _hO-,1M92x, J6
_cTEXL
_2CC
999 _c807932
_d807932